| 000 | 00633nam a2200217Ia 4500 | ||
|---|---|---|---|
| 001 | 8008 | ||
| 003 | GE_BSU | ||
| 008 | 181216s||||||||xx |||||||||||||| ||und|| | ||
| 040 | _cGE_BSU | ||
| 080 | _a72(035) | ||
| 100 | _aКоваленко,Ю.Н. | ||
| 245 | _aКраткий справочник архитектора. | ||
| 245 | _cРед.Л.В.Воронкова, Н.С.Колесник. | ||
| 260 | _aКиев. | ||
| 260 | _bБудiвельник. | ||
| 260 | _c1967. | ||
| 300 | _a503стр. 22см. | ||
| 300 | _eтабл. рис. | ||
| 653 | _aКраткий справочник архитектора. | ||
| 942 | _cBK | ||
| 999 |
_c41350 _d41350 |
||